عرض عادي
عرض مارك
- Ophthalmology.
مدخل مصطلح موضوعي
001 - رقم الضبط
- حقل الضبط: 64070
003 - معرف رقم الضبط
- حقل الضبط: OSt
005 - تاريخ ووقت أخر عملية
- حقل الضبط: 20180815142134.0
008 - عناصر بيانات ثابتة الطول
- حقل تحكم ثابت الطول: 180815|| aca||aabn | a|a d
040 ## - مصدر الفهرسة
- هيئة الفهرسة الأصلية: OSt
- وكالة الكتابة: OSt
150 ## - مدخل-- مصطلح تاريخي
- عنصر مدخل المصطلح الموضوعي او الاسم الجغرافي: Ophthalmology.
670 ## - بيانات المصدر موجوده
- الاستشهاد بالمصدر: Work cat.: (OSt)0: Practical ophthalmology :, 2015.
